| 000 | 00989nam a2200313 a 4500 | ||
|---|---|---|---|
| 001 | 000108159 | ||
| 003 | CHAP | ||
| 005 | 20220329144000.0 | ||
| 008 | 131210s2013 flua |r| |||1|||eng d | ||
| 010 | _a104621 | ||
| 011 | _a105593 | ||
| 020 | _a9781578087839 | ||
| 040 | _cCHAP | ||
| 082 | 0 | 4 |
_a631.44 _bL51 |
| 100 | 1 |
_aLegros, Jean Paul _9125023 |
|
| 245 | 1 | 0 |
_aMajor soil groups of the world : _becology, genesis, properties and classification / _cpor Jean-Paul Legros. |
| 260 |
_aBoca Raton : _bCRC Press, _cc2013. |
||
| 300 |
_axiii, 464 p. : _bil., gráfs., diags., tablas. |
||
| 534 |
_pTít. original : _tLes Grands Sols Du Monde |
||
| 590 |
_aE6096MTM _b05 _c20131210 _lUCH01 _h1414 |
||
| 590 |
_aE6096MTM _b05 _c20131210 _lUCH01 _h1437 |
||
| 590 |
_aE6096MTM _b05 _c20131210 _lUCH01 _h1438 |
||
| 650 | 1 | 4 |
_aSuelos _xClasificación. _9110239 |
| 650 | 1 | 4 |
_aSuelos _xFormación. _9110377 |
| 650 | 1 | 4 |
_aSuelos _xGeografía. _9110381 |
| 901 | _aBK | ||
| 942 | _cLIBRO | ||
| 942 | _n0 | ||
| 999 |
_c104621 _d104621 |
||